[Event "TCh-RUS HL"]
[Site "Sochi RUS"]
[Date "2007.05.07"]
[Round "5"]
[White "Khismatullin,D"]
[Black "Miroshnichenko,E"]
[Result "0-1"]
[WhiteElo "2570"]
[BlackElo "2646"]

1.d4 Nf6 2.c4 e6 3.Nf3 b6 4.a3 Ba6 5.Qc2 c5 6.d5 exd5 7.cxd5 d6 8.Nc3 g6
9.g3 Bg7 10.Bg2 O-O 11.O-O Nbd7 12.Bf4 Qe7 13.Rfe1 b5 14.h3 Nb6 15.e4 Nfd7
16.Bf1 Nc4 17.a4 Nde5 18.Nxe5 Nxe5 19.Qd1 b4 20.Bxa6 bxc3 21.bxc3 Rab8 22.Bf1 Qf6
23.Be2 Rfe8 24.Rb1 g5 25.Bd2 Qg6 26.Qc2 h5 27.Rxb8 Rxb8 28.Rb1 Re8 29.Kg2 Bf6
30.f3 Bg7 31.Rb7 g4 32.Bf4 gxf3+ 33.Bxf3 h4 34.Bxe5 Bxe5 35.Bg4 Bxg3 36.Bf5 Qg5
37.Qd1 Kf8 38.Rxa7 Rb8 39.Qe2 Be5+ 40.Bg4 Qf4 41.Qf2 Rb2 42.Be2 Qh2+  0-1

[Event "TCh-RUS HL"]
[Site "Sochi RUS"]
[Date "2007.05.08"]
[Round "6"]
[White "Zimmerman,Y"]
[Black "Ogloblin,N"]
[Result "1-0"]
[WhiteElo "2343"]
[BlackElo "2384"]

1.d4 Nf6 2.c4 e6 3.Nf3 b6 4.a3 Ba6 5.Qc2 Bb7 6.Nbd2 c5 7.e4 cxd4 8.e5 Ng8
9.Nxd4 Nc6 10.Nxc6 Bxc6 11.Ne4 f5 12.exf6 Nxf6 13.Bd3 Nxe4 14.Bxe4 Bxe4 15.Qxe4 Rc8
16.O-O Qc7 17.b3 Bd6 18.h3 O-O 19.Be3 Rf7 20.Rfd1 Rcf8 21.Ra2 a5 22.Qd3 Bc5
23.Bxc5 Qxc5 24.Qd6 Rc8 25.a4 Rc6 26.Qxc5 Rxc5 27.Rd6 Kf8 28.Rad2 Rc7 29.Rxb6 Rf5
30.Rb5 Rxb5 31.cxb5 Ke7 32.b4 axb4 33.b6 Rc1+ 34.Kh2 Kd8 35.Rb2 Rc4 36.a5 Kc8
37.a6 Kb8 38.Ra2 Rc8 39.Ra4 b3 40.b7 Rf8 41.Rb4 Ka7 42.Rxb3 Rb8 43.Ra3 d5
44.Kg3 e5 45.f3 d4 46.Kf2 Rd8 47.Ke2 Rd6 48.Rb3 Rd8 49.Kd3 g5 50.Rb5 h6 51.Rc5  1-0

[Event "Capo d'Orso"]
[Site "Porto Mannu PAL"]
[Date "2007.05.22"]
[Round "4"]
[White "Grooten,H"]
[Black "Biedekoepper,R"]
[Result "1-0"]
[WhiteElo "2379"]
[BlackElo "2152"]

1.d4 Nf6 2.c4 e6 3.Nf3 b6 4.a3 Bb7 5.Nc3 d5 6.cxd5 Nxd5 7.Qc2 Nxc3 8.bxc3 Be7
9.e4 c5 10.Bd3 Qc7 11.Qa2 O-O 12.O-O Ba6 13.Bxa6 Nxa6 14.Qe2 Qb7 15.Bg5 Rfe8
16.Bxe7 Rxe7 17.Ng5 cxd4 18.cxd4 Rd8 19.Rad1 Red7 20.Qe3 Nc5 21.Rfe1 h6 22.Nf3 Na6
23.Ne5 Rd6 24.h4 Nb8 25.Nc4 Rc6 26.Rc1 Rdc8 27.Ne5 Rxc1 28.Rxc1 Rxc1+ 29.Qxc1 f6
30.Ng6 Kf7 31.h5 Qc6 32.Qd2 Qd6 33.e5 fxe5 34.Nxe5+ Kg8 35.Qf4 Qc7 36.Qf3 Kh7
37.Kh2 Na6 38.Qd3+  1-0

[Event "3rd UKR Games Men"]
[Site "Evpatoria UKR"]
[Date "2007.05.23"]
[Round "4"]
[White "Fingerov,D"]
[Black "Nyzhnyk,I"]
[Result "1-0"]
[WhiteElo "2327"]
[BlackElo "2344"]

1.d4 Nf6 2.Nf3 e6 3.c4 b6 4.a3 Bb7 5.Nc3 d5 6.Bg5 Be7 7.e3 O-O 8.Rc1 Nbd7
9.h3 c5 10.cxd5 Nxd5 11.Bxe7 Qxe7 12.Bb5 Nxc3 13.Rxc3 Rfd8 14.O-O a6 15.Be2 Nf6
16.Qc1 Ne4 17.Rc2 Rac8 18.Rd1 cxd4 19.Rxd4 Rxc2 20.Qxc2 Rc8 21.Qd1 Nf6 22.Ne5 g6
23.Nc4 Nd5 24.Bf3 Qc7 25.e4 e5 26.Nxe5 Ne3 27.fxe3 Qxe5 28.Rd8+ Kg7 29.Rxc8 Bxc8
30.Qd4 Qf6 31.e5 Qe7 32.e6+ f6 33.Qxb6 Qxe6 34.Qxe6 Bxe6 35.Kf2 Kf7 36.Ke2 Ke7
37.Kd3 Kd6 38.b4 Bd7 39.Kd4 Bb5 40.h4 Bf1 41.g3 f5 42.a4 h6 43.Bd5  1-0

[Event "3rd UKR Games Men"]
[Site "Evpatoria UKR"]
[Date "2007.05.24"]
[Round "6"]
[White "Budnikov,O"]
[Black "Bodnar,N"]
[Result "1/2-1/2"]
[WhiteElo "2408"]
[BlackElo "2370"]

1.d4 Nf6 2.c4 e6 3.Nf3 b6 4.a3 Bb7 5.Nc3 d5 6.cxd5 Nxd5 7.Bd2 Be7 8.Qc2 Nxc3
9.Bxc3 O-O 10.O-O-O Qd5 11.e3 Nd7 12.Bd3 f5 13.Nd2 Qxg2 14.Rhg1 Qh3 15.d5 e5
16.Rg3 Qh5 17.Rdg1 g6 18.Bb5 Nc5 19.Bxe5 Bxd5 20.Bf1 Qh4 21.f4 a5 22.Nf3 Qh5
23.Rh3 Qxh3 24.Bxh3 Nb3+ 25.Kd1 Bxf3+ 26.Ke1 Bh4+ 27.Kf1 Nd2+ 28.Qxd2 Rad8
29.Bd4 c5 30.Bg2 Bxg2+ 31.Kxg2 Bf6 32.Qe2 cxd4 33.exd4 Bxd4 34.Rd1 Bf6 35.Rxd8 Bxd8
36.Qe6+ Kg7 37.Qd7+ Kg8 38.Kf3 Kh8 39.Ke2 Kg8 40.Kd3 Kh8 41.Kc4 Kg8 42.a4 Kh8
43.b3 Kg8 44.Kd5 Kh8 45.Kc6 Kg8 46.h3 Kh8 47.Qd4+ Kg8 48.Kd7 Kf7 49.Qe5 Kg8
50.h4 h5 51.Qd5+ Kg7 52.Qd6 Kf7 53.b4 axb4 54.Qxb4 Kg7 55.Qd4+ Kf7 56.Qc3 Kg8
57.Qa3 Kg7 58.Qd6 Kf7 59.Kc6 Kg7 60.Qd7+ Kg8 61.Kd5 Kh8 62.Ke6 Bxh4 63.Qd4+ Kg8
64.Qg1  1/2-1/2

[Event "ch-St Petersburg"]
[Site "St Petersburg RUS"]
[Date "2007.05.31"]
[Round "3"]
[White "Matlakov,M"]
[Black "Zacurdajev,M"]
[Result "1-0"]
[WhiteElo "2440"]
[BlackElo "2384"]

1.d4 e6 2.c4 Nf6 3.Nf3 b6 4.a3 Bb7 5.Nc3 d5 6.cxd5 exd5 7.Bf4 Bd6 8.Bxd6 Qxd6
9.g3 a6 10.Bg2 Nbd7 11.b4 O-O 12.O-O Ne4 13.Qb3 Ndf6 14.Rac1 Rfe8 15.e3 Re7
16.Rc2 Ng4 17.h3 Ngf6 18.Ne5 Nxc3 19.Rxc3 Ne4 20.Rc2 f6 21.Nd3 Rae8 22.Nf4 c6
23.a4 Qd7 24.b5 axb5 25.axb5 c5 26.dxc5 Nxc5 27.Bxd5+ Kh8 28.Qc4 Bxd5 29.Qxd5 Qxb5
30.Rc4 Re5 31.Qf7 Qd7 32.Qxd7 Nxd7 33.Rc7 Nc5 34.Rb1 Na4 35.Rd1 Nc5 36.Rd6 b5
37.Rdc6 Ne4 38.Rb7 Rd8 39.g4 Rde8 40.Nh5 Rg8 41.Rcc7 Nd6 42.Nxf6 Nxb7 43.Nxg8 Nd6
44.Ne7 g6 45.Rd7 Nc4 46.Nd5 Re6 47.Rb7 Ne5 48.Rxb5 Kg7 49.Rb7+ Nf7 50.Kg2 Re5
51.Rd7 h5 52.f4 Re8 53.g5  1-0

[Event "8th United Insurance"]
[Site "Dhaka BAN"]
[Date "2007.06.02"]
[Round "8"]
[White "Ghaem Maghami,E"]
[Black "Ahmed,SN"]
[Result "1-0"]
[WhiteElo "2599"]
[BlackElo "2324"]

1.d4 Nf6 2.c4 e6 3.Nf3 b6 4.a3 Ba6 5.Qc2 Bb7 6.Nc3 c5 7.e4 cxd4 8.Nxd4 Nc6
9.Nxc6 Bxc6 10.Bf4 d6 11.Rd1 Qc7 12.Bd3 Rc8 13.O-O Be7 14.Rfe1 Nd7 15.Qd2 O-O
16.Bf1 Ne5 17.Bg5 Bxg5 18.Qxg5 Rfd8 19.Rd4 Ng6 20.Qe3 e5 21.Rdd1 Nf4 22.Nd5 Nxd5
23.cxd5 Bb7 24.Be2 Qd7 25.h3 Rc7 26.Bg4 Qb5 27.b4 g6 28.Rc1 Rxc1 29.Rxc1  1-0

[Event "8th United Insurance"]
[Site "Dhaka BAN"]
[Date "2007.06.02"]
[Round "8"]
[White "Ghaem Maghami,E"]
[Black "Ahmed,SN"]
[Result "1-0"]
[WhiteElo "2599"]
[BlackElo "2324"]

1.d4 Nf6 2.c4 e6 3.Nf3 b6 4.a3 Ba6 5.Qc2 Bb7 6.Nc3 c5 7.e4 cxd4 8.Nxd4 Nc6
9.Nxc6 Bxc6 10.Bf4 d6 11.Rd1 Qc7 12.Bd3 Rc8 13.O-O Be7 14.Rfe1 Nd7 15.Qd2 O-O
16.Bf1 Ne5 17.Bg5 Bxg5 18.Qxg5 Rfd8 19.Rd4 Ng6 20.Qe3 e5 21.Rdd1 Nf4 22.Nd5 Nxd5
23.cxd5 Bb7 24.Be2 Qd7 25.h3 Rc7 26.Bg4 Qb5 27.b4 g6 28.Rc1 Rxc1 29.Rxc1 Qe8
30.Rc7 Bc8 31.Bxc8 Rxc8 32.Rxa7 Qd8 33.Rb7 Ra8 34.Qf3 Qe8 35.Rxb6 Qe7 36.Rc6 Ra4
37.Qe3 Kg7 38.g3 Qd8 39.h4 h5 40.Kh2  1-0

[Event "7th ch-Euro Senior"]
[Site "Hockenheim GER"]
[Date "2007.06.10"]
[Round "9"]
[White "Farago,I"]
[Black "Ljubarskij,J"]
[Result "1-0"]
[WhiteElo "2501"]
[BlackElo "2301"]

1.d4 Nf6 2.Nf3 e6 3.c4 b6 4.a3 Bb7 5.Nc3 Be7 6.d5 d6 7.e4 e5 8.Bd3 Nbd7 9.O-O O-O
10.b4 Re8 11.Bc2 Bc8 12.Ba4 a6 13.Bc6 Ra7 14.h3 Rf8 15.Be3 Ne8 16.c5 dxc5
17.Bxd7 Bxd7 18.bxc5 Bxc5 19.Bxc5 bxc5 20.Nxe5 Nd6 21.Nxd7 Qxd7 22.e5 Nb5
23.Ne4 Rd8 24.e6 fxe6 25.dxe6 Qe7 26.Qh5 Qxe6 27.Qxh7+ Kxh7 28.Ng5+ Kg6 29.Nxe6 Rd2
30.Nxc5 Rc2 31.Ne4 Nd4 32.Rfd1 c5 33.Rab1 Kf5 34.Nxc5 Nf3+ 35.gxf3 Rxc5 36.Kg2 Ra5
37.Rb6 Re7 38.Rd3 Re6 39.Rb4 Re2 40.a4 Rc5 41.Rb6 Re6 42.Rdd6 Rxd6 43.Rxd6 Ra5
44.Rd4 g5 45.Kg3 Rc5 46.f4 gxf4+ 47.Rxf4+ Kg5 48.Rd4 Kh5 49.h4 Ra5 50.f3 Rc5
51.Rg4 a5 52.Rg5+ Rxg5+ 53.hxg5 Kxg5 54.f4+ Kf5 55.Kf3 Kf6 56.Ke4 Ke6 57.Kd4  1-0

[Event "7th ch-Euro Senior"]
[Site "Hockenheim GER"]
[Date "2007.06.10"]
[Round "9"]
[White "Stull,N"]
[Black "Visser,G"]
[Result "1/2-1/2"]
[WhiteElo "2144"]
[BlackElo "2240"]

1.d4 Nf6 2.c4 e6 3.Nf3 b6 4.a3 Bb7 5.Nc3 d5 6.cxd5 Nxd5 7.Qc2 Nxc3 8.bxc3 c5
9.e4 Be7 10.Bb5+ Bc6 11.Bd3 Nd7 12.O-O O-O 13.Rd1 cxd4 14.cxd4 Rc8 15.Qe2 Re8
16.Bb2 Ba4 17.Rdc1 Rxc1+ 18.Rxc1 Qb8 19.Bc2 Bxc2 20.Qxc2 Bf6  1/2-1/2

[Event "2nd Maia Chiburdanidze Cup"]
[Site "Tbilisi GEO"]
[Date "2007.06.11"]
[Round "6"]
[White "Kekelidze,M"]
[Black "Charkhalashvili,I"]
[Result "1/2-1/2"]
[WhiteElo "2443"]
[BlackElo "2323"]

1.d4 Nf6 2.Nf3 e6 3.c4 b6 4.a3 Bb7 5.Nc3 Ne4 6.Nxe4 Bxe4 7.e3 Be7 8.Bd3 Bb7
9.e4 d6 10.O-O Nd7 11.b4 c5 12.bxc5 bxc5 13.Rb1 Qc7 14.d5 O-O 15.Re1 e5 16.Bd2 Rfb8
17.Qa4 Nb6 18.Qc2 Bc8 19.Ba5 Bd7 20.Nd2 Qc8 21.g3 Ba4 22.Qa2 Rb7 23.Nf1 Rab8
24.Ne3 g6 25.f4 Nd7 26.Rxb7 Rxb7 27.Rb1 Qb8 28.Rxb7 Qxb7 29.Bc2 Bxc2 30.Qxc2 Bf6
31.Kg2 exf4 32.gxf4 Bd4 33.Ng4 h5 34.Nf2 Qa6 35.Bc7 Qxa3 36.Bxd6 Bxf2 37.Qxf2 Qd3
38.Qf3 Qxc4 39.f5 Nf6 40.fxg6 Qxe4 41.gxf7+ Kxf7 42.Bxc5 a5 43.Qxe4 Nxe4
44.Bd4 Nf6  1/2-1/2

[Event "11th Master Open"]
[Site "Voronezh RUS"]
[Date "2007.06.15"]
[Round "4"]
[White "Kiselev,Vi2"]
[Black "Kruchev,B"]
[Result "1-0"]
[WhiteElo "2495"]
[BlackElo "2283"]

1.d4 Nf6 2.c4 e6 3.Nf3 b6 4.a3 Bb7 5.Nc3 d5 6.Bg5 Be7 7.Qa4+ c6 8.cxd5 Nxd5
9.Bxe7 Qxe7 10.Nxd5 exd5 11.e3 O-O 12.Rc1 c5 13.Bd3 c4 14.Bb1 a6 15.Qc2 g6
16.h4 Bc8 17.Qc3 Nc6 18.h5 b5 19.Ne5 Nxe5 20.dxe5 Qg5 21.Kf1 a5 22.Qd4 b4
23.hxg6 hxg6 24.e6 fxe6 25.Rh8+ Kf7 26.Rh7+ Ke8 27.Qg7  1-0

[Event "11th Master Open"]
[Site "Voronezh RUS"]
[Date "2007.06.18"]
[Round "6"]
[White "Kornev,Alexei"]
[Black "Chudinovskikh,A"]
[Result "0-1"]
[WhiteElo "2567"]
[BlackElo "2399"]

1.d4 Nf6 2.c4 e6 3.Nf3 b6 4.a3 Ba6 5.e3 d5 6.Nbd2 Be7 7.Qa4+ Qd7 8.Qc2 O-O
9.b4 c5 10.b5 Bb7 11.Bb2 a6 12.dxc5 Bxc5 13.cxd5 Qxd5 14.Bc4 Qh5 15.bxa6 Nxa6
16.O-O Rac8 17.Qb3 Nc7 18.h3 Rfd8 19.Rfd1 Ncd5 20.Rac1 h6 21.Bf1 Ne7 22.Bd4 Bd5
23.Qb2 Bxd4 24.Nxd4 e5 25.N4f3 Bxf3 26.gxf3 Rxc1 27.Rxc1 Ng6 28.Nc4 Nh4 29.Qxb6 Nxf3+
30.Kh1 Rd5 31.Nd6 e4 32.Bg2 Qe5 33.Bxf3 Rxd6 34.Qb8+ Kh7 35.Qb1 Qf5 36.Bg4 Qxf2
37.Qb3 Nh5 38.Rg1 Rg6  0-1

[Event "11th Master Open"]
[Site "Voronezh RUS"]
[Date "2007.06.20"]
[Round "8"]
[White "Popov,D"]
[Black "Demianjuk,A"]
[Result "1/2-1/2"]
[WhiteElo "2245"]
[BlackElo "2316"]

1.d4 Nf6 2.c4 e6 3.Nf3 b6 4.a3 Bb7 5.Nc3 d5 6.cxd5 Nxd5 7.Qc2 Nxc3 8.bxc3 Be7
9.e4 O-O 10.Bd3 c5 11.O-O Qc8 12.Qe2 Qc7 13.Bb2 Nd7 14.e5 Rac8 15.Nd2 b5
16.Bxb5 Rb8 17.Nf3 Bxf3 18.gxf3 cxd4 19.cxd4 Qb7 20.a4 a6 21.Bxd7 Qxd7 22.Rfd1 Rb3
23.Bc1 a5 24.Qe4 Rd8 25.h4 h6 26.Qg4 Kh7 27.Kh2 Bf8 28.Be3 Rb4 29.Rg1 Rxa4
30.Qe4+ Kh8 31.Rad1 h5 32.Rg5 g6 33.Qf4 Bg7 34.Qg3 Qe7 35.f4 Bh6 36.f5 exf5
37.Rxh5 gxh5 38.Bxh6 Rg8 39.Bg5 Qb7 40.e6 fxe6 41.Rc1 Qg7 42.Qf3 Qg6 43.Rc7 Rg7
44.Rc8+ Kh7 45.Qa8 Rg8 46.Qb7+ Rg7 47.Qb8 Rg8 48.Qa7+ Rg7  1/2-1/2

[Event "TCh-ESP Honor Gp1"]
[Site "Lugo ESP"]
[Date "2007.06.24"]
[Round "5"]
[White "Illescas Cordoba,M"]
[Black "Sargissian,G"]
[Result "1/2-1/2"]
[WhiteElo "2591"]
[BlackElo "2651"]

1.d4 Nf6 2.c4 e6 3.Nf3 b6 4.a3 Bb7 5.Nc3 d5 6.cxd5 Nxd5 7.Qa4+ Nd7 8.Nxd5 Bxd5
9.Bg5 f6 10.Bf4 Bd6 11.Bxd6 cxd6 12.e3 O-O 13.Bb5 Rf7 14.O-O Rc8 15.Ba6 Rc7
16.Rfc1 Nf8 17.Ne1 Rxc1 18.Rxc1 Rc7 19.Qd1 Qd7 20.Nd3 Ng6 21.Nb4 Ne7 22.Rxc7 Qxc7
23.Nxd5 Nxd5 24.g3 f5 25.Qb3 Qc1+ 26.Kg2 Qc6 27.Kg1 Qc1+ 28.Kg2 Qc6 29.Kg1  1/2-1/2

[Event "CIQ"]
[Site "Quebec CAN"]
[Date "2007.06.24"]
[Round "4"]
[White "Voloaca,M"]
[Black "Bolduc,S"]
[Result "1-0"]
[WhiteElo "2228"]
[BlackElo "2262"]

1.d4 Nf6 2.c4 e6 3.Nf3 b6 4.a3 Bb7 5.Nc3 d5 6.Bg5 Be7 7.e3 O-O 8.Rc1 Nbd7
9.cxd5 exd5 10.Bd3 c5 11.Bf4 a6 12.O-O c4 13.Bb1 b5 14.Ne5 Qb6 15.Qf3 Rad8
16.Qh3 g6 17.Bh6 Rfe8 18.f4 Bc8 19.Qf3 a5 20.f5 b4 21.fxg6 hxg6 22.Nxd5 Nxe5
23.dxe5 Rxd5 24.exf6 Bb7 25.fxe7 Rxe7 26.Qf6 Qxf6 27.Rxf6 Kh7 28.Bf8 Red7
29.axb4 Rd2 30.Rf2 Kg8 31.Bc5 Rd1+ 32.Rf1 R1d2 33.Rf2 Rd1+ 34.Rxd1 Rxd1+
35.Rf1 Rd2 36.Rf2 Rd1+ 37.Rf1 Rd2 38.e4 f5 39.Rf2 Rd1+ 40.Rf1 Rd2 41.bxa5 fxe4
42.Re1 e3 43.Rxe3 Rxg2+ 44.Kf1 Rxb2 45.Re8+ Kh7 46.Rh8+  1-0

[Event "White Nights"]
[Site "St Petersburg RUS"]
[Date "2007.06.26"]
[Round "2"]
[White "Voronenkov,S"]
[Black "Krishilovsky,A"]
[Result "0-1"]
[WhiteElo "1980"]
[BlackElo "2040"]

1.d4 Nf6 2.c4 e6 3.Nf3 b6 4.a3 Ba6 5.Qc2 Bb7 6.Nc3 c5 7.e4 cxd4 8.Nxd4 Bc5
9.Nb3 Nc6 10.Nxc5 bxc5 11.Be3 Nd4 12.Bxd4 cxd4 13.Nb5 Qb8 14.Bd3 Qe5 15.c5 O-O
16.Nd6 Bc6 17.O-O Ng4 18.g3 Qh5 19.h4 g5 20.Kg2 f5 21.Rae1 f4 22.Kh3 Ne5
23.Qd1 f3 24.Rg1 Rf4 25.Nf5 exf5  0-1

[Event "Narciso Yepes Mem"]
[Site "Lorca ESP"]
[Date "2007.06.27"]
[Round "5"]
[White "Lalic,B"]
[Black "Pogorelov,R"]
[Result "1/2-1/2"]
[WhiteElo "2519"]
[BlackElo "2462"]

1.d4 Nf6 2.c4 e6 3.Nf3 b6 4.a3 Ba6 5.Qc2 Bb7 6.Nc3 c5 7.e4 cxd4 8.Nxd4 d6
9.Be2 Nbd7 10.Be3 a6 11.O-O Be7 12.Rfd1 Qc7 13.f3 O-O 14.Rac1 Rac8 15.Kh1 Qb8
16.b4 Kh8 17.Qb3  1/2-1/2

[Event "White Nights"]
[Site "St Petersburg RUS"]
[Date "2007.06.28"]
[Round "4"]
[White "Tokareva,T"]
[Black "Mukhin,G"]
[Result "0-1"]
[WhiteElo "1997"]
[BlackElo "2325"]

1.d4 Nf6 2.c4 e6 3.Nf3 b6 4.a3 Bb7 5.Nc3 d5 6.cxd5 Nxd5 7.e3 Be7 8.Bd3 O-O
9.O-O c5 10.Qe2 cxd4 11.Nxd4 Nxc3 12.bxc3 Nd7 13.Rd1 Nc5 14.Bc2 Qd5 15.f3 Qh5
16.e4 Rfd8 17.Bf4 Bg5 18.Bg3 Qh6 19.Bf2 Rac8 20.a4 Ba6 21.Nb5 g6 22.c4 Bf4
23.g3 Bb8 24.Bd4 Qg5 25.a5 Bxb5 26.cxb5 Rxd4 27.Rxd4 Be5 28.Rdd1 Bxa1 29.Rxa1 Qe5
30.Ra2 Qc3 31.axb6 axb6 32.Qd1 Qb4 33.Qf1 Rd8 34.Bb1 Qb3 35.Rc2 Na4 36.Kg2 Nc3
37.Rc1 Rd2+ 38.Kh3 Qb2 39.Qg1 h5 40.e5 Ne2 41.Rc8+ Kg7 42.Qh1 Qxe5  0-1

[Event "White Nights"]
[Site "St Petersburg RUS"]
[Date "2007.07.02"]
[Round "8"]
[White "Tokareva,T"]
[Black "Gavrikov,Vi2"]
[Result "1/2-1/2"]
[WhiteElo "1997"]
[BlackElo "1735"]

1.d4 Nf6 2.c4 e6 3.Nf3 b6 4.a3 Ba6 5.e3 c5 6.Be2 cxd4 7.Nxd4 Qc7 8.Nd2 Bb7
9.O-O a6 10.b4 Be7 11.Bb2 O-O 12.Rc1 Rc8 13.Bd3 Qd8 14.e4 d6 15.Qe2 g6 16.f4 e5
17.fxe5 dxe5 18.N4f3 a5 19.Bxe5 axb4 20.axb4 Bxb4 21.Nb3 Nbd7 22.Bf4 Nc5
23.Nxc5 Bxc5+ 24.Kh1 Bf8 25.Bg5 h6 26.Bh4 Be7 27.Bxf6 Bxf6 28.e5 Bg7 29.e6 f5
30.e7 Qd6 31.Rcd1 Qf6 32.Rfe1 Re8 33.Bb1 Bxf3 34.Qxf3 Ra7 35.Qd5+ Kh7 36.Re6 Raxe7
37.Rxe7 Qxe7 38.h3 Qe5 39.Qd7 Qe7 40.Qd5 Qe5 41.Qd7 Qe7 42.Qd5 Qe5 43.Qd7 Qe7  1/2-1/2

[Event "Lake Sevan"]
[Site "Martuni ARM"]
[Date "2007.07.07"]
[Round "2"]
[White "Arutinian,D"]
[Black "Melkumyan,H"]
[Result "1-0"]
[WhiteElo "2544"]
[BlackElo "2406"]

1.d4 Nf6 2.c4 e6 3.Nf3 b6 4.a3 Bb7 5.Nc3 d5 6.cxd5 Nxd5 7.e3 Be7 8.Bb5+ c6
9.Bd3 O-O 10.O-O c5 11.e4 Nxc3 12.bxc3 Nc6 13.d5 exd5 14.exd5 Na5 15.c4 b5
16.cxb5 Bf6 17.Rb1 Qxd5 18.Qc2 Rfe8 19.Bd2 Qh5 20.Rfe1 Bxf3 21.gxf3 Be5 22.Rxe5 Rxe5
23.Be4 Rd8 24.Bxa5 Rg5+ 25.Kf1 Re8 26.Bd2 Qh3+ 27.Ke2 Rge5 28.Bf4 R5e7 29.Be3 Qh5
30.Rd1 f5 31.Bxf5 Re5 32.Qc4+ Kh8 33.Bd7 Rd8 34.h3 Qg6 35.Rd2 Qg1 36.Qh4 Rf8
37.f4 Re4 38.Bc6 Re6 39.Rd8 Rf6 40.Rxf8+ Rxf8 41.Be4 h6 42.Qe7  1-0

[Event "Spring A"]
[Site "Volodarskij RUS"]
[Date "2007.07.07"]
[Round "14"]
[White "Boiko,V"]
[Black "Makogonov,I"]
[Result "0-1"]
[WhiteElo "2308"]
[BlackElo "2379"]

1.d4 Nf6 2.c4 e6 3.Nf3 b6 4.a3 Bb7 5.Nc3 Be7 6.e3 O-O 7.Bd3 c5 8.d5 exd5
9.cxd5 Nxd5 10.Nxd5 Bxd5 11.Bxh7+ Kxh7 12.Qxd5 Nc6 13.Qh5+ Kg8 14.h4 f6 15.e4 Qe8
16.Qd5+ Rf7 17.h5 Bf8 18.h6 g6 19.Nh4 Ne7 20.Qb3 Kh7 21.Be3 Rc8 22.Rd1 Rc6
23.Kf1 Re6 24.Qa4 Nc6 25.f3 Re5 26.Qb3 Rfe7 27.Kf2 g5 28.Nf5 Rxf5 29.exf5 c4
30.Qc3 Rxe3 31.Qxf6 Ne5 32.Rd5 Re2+ 33.Kf1 Re1+  0-1

[Event "Ikaros Festival"]
[Site "Agios Kirykos GRE"]
[Date "2007.07.08"]
[Round "2"]
[White "Chasovnikova,E"]
[Black "Fragaki,M"]
[Result "1-0"]
[WhiteElo "2223"]
[BlackElo "1878"]

1.d4 Nf6 2.Nf3 e6 3.c4 b6 4.a3 Bb7 5.Nc3 d5 6.cxd5 Nxd5 7.Qc2 Nxc3 8.bxc3 c5
9.e4 Nc6 10.Be3 Qc7 11.d5 Nb8 12.Bb5+ Nd7 13.dxe6 fxe6 14.Ng5 a6 15.Nxe6 Qe5
16.Bxd7+ Kxd7 17.Nxf8+ Rhxf8 18.f3 Kc7 19.Bf2 Qe6 20.Bg3+ Kc8 21.O-O g5 22.Rad1 b5
23.Qf2 Qc4 24.Qd2  1-0

[Event "ch-IRL"]
[Site "Dublin IRL"]
[Date "2007.07.08"]
[Round "9"]
[White "Short,P"]
[Black "Brady,S"]
[Result "0-1"]
[WhiteElo "2277"]
[BlackElo "2360"]

1.d4 Nf6 2.c4 e6 3.Nf3 b6 4.a3 Ba6 5.Qc2 Bb7 6.Nc3 c5 7.e4 cxd4 8.Nxd4 Bc5
9.Nb3 Nc6 10.Bf4 e5 11.Be3 Bxe3 12.fxe3 O-O 13.Be2 Ng4 14.Qd2 Qg5 15.Nd5 Nf6
16.Nxf6+ Qxf6 17.O-O-O Nd8 18.Qxd7 Bxe4 19.Qg4 Qg6 20.Qxg6 hxg6 21.Rhg1 Rc8
22.Nd2 Bf5 23.b4 a5 24.Kb2 Nc6 25.Kc3 Rc7 26.Nf3 f6 27.Rd6 Kf7 28.b5 Ne7
29.Rgd1 Rb8 30.Nd2 Be6 31.Ne4 Nf5 32.Rc6 Rxc6 33.bxc6 Rc8 34.g4 Nxe3 35.Nd6+ Kf8
36.Nxc8 Nxd1+ 37.Bxd1 Bxc8 38.c5 b5 39.Be2 Ke7 40.Bxb5 Kd8 41.Be2 Kc7 42.Bf3 Be6
43.h4 f5 44.g5 Ba2 45.Kb2 Bc4 46.Kc3 Bb5 47.Bd5 Be2 48.Bf7 Bh5 49.Bd5 Bg4
50.Bf7 f4 51.Bxg6 f3 52.Be4 f2 53.Bg2 Be2 54.h5 Bxh5 55.Kd2 Bf3 56.Bf1 Kxc6
57.Ke3 Bd5 58.Kxf2 Kxc5 59.Ke3 Kd6 60.Ba6 Bg2 61.Bc4 Bh3 62.Ba6 Bf5 63.Be2 Bb1
64.Bc4 Kc5 65.Bb3 Kb5 66.Kf3 Bd3 67.Ke3 Bc4 68.Bd1 Bd5 69.Kd3 Kc5 70.Ba4 Bb7
71.Bb3 Bc6 72.Bc2 Be8 73.Bb3 Bg6+ 74.Ke3 Bf5 75.Bf7 Bc2 76.Kd2 Be4 77.Kc3 Bf5
78.Bb3 e4 79.Bc4 e3 80.Be2 Bd7 81.Bf3 Bb5 82.a4 Ba6  0-1

[Event "Spring A"]
[Site "Volodarskij RUS"]
[Date "2007.07.08"]
[Round "15"]
[White "Sviridonov,S"]
[Black "Kuznetsov,Sergei"]
[Result "0-1"]
[WhiteElo "2358"]
[BlackElo "2396"]

1.d4 Nf6 2.Nf3 e6 3.c4 b6 4.a3 Bb7 5.Nc3 Be7 6.Bg5 c5 7.e3 O-O 8.Bd3 cxd4
9.exd4 d5 10.O-O dxc4 11.Bxc4 Nc6 12.Ba2 Rc8 13.Qd3 Rc7 14.Rad1 Rd7 15.Rfe1 h6
16.Bh4 Nxd4 17.Nxd4 Bc5 18.Ncb5 a6 19.b4 axb5 20.bxc5 bxc5 21.Bxf6 Qxf6 22.Qxb5 Qg5
23.Nc6 Rc8 24.h4 Qg6 25.Rxd7 Bxc6 26.Rd8+ Kh7 27.Bb1 f5 28.f3 Bxb5 29.Rxc8 Qf6
30.Rd1 c4 31.h5 Qg5 32.Bc2 Qxh5 33.a4 Be8 34.Rxc4 Qg5 35.Re1 Bf7 36.Rc7 Qg3
37.Rc1 Bh5 38.Rc3 Qg5 39.Bb3 Bxf3 40.R1c2 Be4 41.Ra2 Qd8 42.Rh3 g5 43.Kf1 Qd4
44.Bxe6 Bd3+ 45.Rxd3 Qxd3+ 46.Re2 Kg6 47.Ke1 Qd4  0-1

[Event "Campeonato Continental Absolut"]
[Site "Cali COL"]
[Date "2007.07.10"]
[Round "1"]
[White "Aranha Filho,A"]
[Black "Guerrero,H"]
[Result "1-0"]
[WhiteElo "2270"]
[BlackElo "2041"]

1.d4 Nf6 2.c4 e6 3.Nf3 b6 4.a3 Bb7 5.Nc3 d6 6.d5 e5 7.e4 Nbd7 8.b4 Be7 9.Be2 Nf8
10.h3 Ng6 11.Be3 Nd7 12.Qd2 a6 13.O-O h6 14.Rfd1 Nh4 15.Ne1 Bg5 16.g3 Ng6
17.h4 Bxe3 18.Qxe3 Qf6 19.Nd3 O-O 20.c5 Bc8 21.c6 Nb8 22.Bh5 Kh7 23.Qf3 Qxf3
24.Bxf3 f5 25.a4 Ne7 26.Kg2 Kg8 27.b5 a5 28.exf5 Nxf5 29.Ne2 Ne7 30.Be4 Bg4
31.f3 Bh5 32.Rf1 Bf7 33.Nc3 Ng6 34.h5 Ne7 35.g4 Be8 36.f4 exf4 37.Nxf4 Nd7
38.cxd7 Bxd7 39.Ne6 Rxf1 40.Rxf1 Rc8 41.Bg6  1-0

[Event "Middlesex vs Young England"]
[Site "London ENG"]
[Date "2007.07.10"]
[Round "2"]
[White "Poobalasingam,P"]
[Black "Crouch,C"]
[Result "0-1"]
[WhiteElo "2133"]
[BlackElo "2370"]

1.d4 Nf6 2.c4 e6 3.Nf3 b6 4.a3 Bb7 5.Nc3 d5 6.cxd5 exd5 7.Qc2 Be7 8.Bf4 c6
9.e3 Nbd7 10.Bd3 Nf8 11.h3 Ng6 12.Bh2 O-O 13.b4 a5 14.Rb1 axb4 15.axb4 b5
16.O-O Nd7 17.e4 dxe4 18.Bxe4 Nf6 19.Rfd1 Nxe4 20.Nxe4 Qd5 21.Ne5 c5 22.bxc5 Qxe4
23.Qxe4 Bxe4 24.Rxb5 Nxe5 25.Bxe5 Bd5 26.Rb4 f6 27.Bc7 Rac8 28.Bb6 Bd8 29.Re1 Rb8
30.Reb1 Kf7 31.Ra1 Re8 32.Ra6 Re1+ 33.Kh2 Bc7+ 34.Bxc7 Rxb4 35.Ba5  0-1

[Event "Open A"]
[Site "Oberwart AUT"]
[Date "2007.07.10"]
[Round "4"]
[White "Dziuba,M"]
[Black "Zsinka,L"]
[Result "1-0"]
[WhiteElo "2536"]
[BlackElo "2324"]

1.d4 Nf6 2.c4 e6 3.Nf3 b6 4.a3 Bb7 5.Nc3 g6 6.Qc2 d6 7.e4 Nbd7 8.Be2 Bg7
9.O-O O-O 10.Bg5 h6 11.Bd2 c5 12.d5 e5 13.g3 Kh7 14.Nh4 Ng8 15.Rae1 Bc8 16.Ng2 Ndf6
17.Bd3 Bh3 18.Ne2 Ng4 19.Kh1 h5 20.Ng1 Bxg2+ 21.Kxg2 Bh6 22.f4 Bg7 23.Nf3 f6
24.b4 N4h6 25.bxc5 bxc5 26.fxe5 dxe5 27.Rb1 Nf7 28.Be3 Rc8 29.Rb5 Qd7 30.Rxc5 Bh6
31.Rxc8 Rxc8 32.Bg1 g5 33.c5 h4 34.c6 Qc7 35.Nd2 hxg3 36.hxg3 Bf8 37.Rb1 Nd6
38.Nc4 Rb8 39.Rxb8 Qxb8 40.Na5 Ne7 41.Nb7 Nec8 42.Nc5 Qc7 43.Ne6 Qf7 44.Ba6 Be7
45.Bc5 Qe8 46.c7 Kg6 47.Bxd6 Bxd6 48.Qc6 Qh8 49.Bxc8 g4 50.Nf8+ Bxf8 51.Bxg4  1-0

[Event "Ikaros Festival"]
[Site "Agios Kirykos GRE"]
[Date "2007.07.12"]
[Round "6"]
[White "Chasovnikova,E"]
[Black "Kourousis,E"]
[Result "1/2-1/2"]
[WhiteElo "2223"]
[BlackElo "2076"]

1.d4 Nf6 2.Nf3 e6 3.c4 b6 4.a3 Bb7 5.Nc3 d5 6.cxd5 Nxd5 7.Qc2 Nxc3 8.bxc3 Be7
9.e4 O-O 10.Bd3 c5 11.e5 h6 12.Qe2 cxd4 13.cxd4 Qc8 14.O-O Ba6 15.Be3 Bxd3
16.Qxd3 Qb7 17.Rfc1 Nd7 18.Nd2 Rac8 19.f4 Rxc1+ 20.Rxc1 Rc8 21.Rc3 Rxc3 22.Qxc3 b5
23.Qb3 Qc6 24.Kf2 Nb6 25.Qd3 Nd5 26.Ne4 a5 27.Nc5 b4 28.axb4 axb4 29.g4 Bh4+
30.Kg1 Nc3 31.Bd2 Nd5 32.g5 hxg5 33.fxg5 Ne7 34.Qe4 Qxe4 35.Nxe4 Nd5 36.Nc5 Kf8
37.Kf1 Kg8 38.Ke2 Kh7 39.Ne4 Kg6 40.Kd3 Nc3 41.Nd6 Nd5 42.Ne4 Nc3 43.Nd6 Nd5
44.Ne4  1/2-1/2

[Event "XXX Open"]
[Site "Barbera del Valles ESP"]
[Date "2007.07.12"]
[Round "7"]
[White "Almeida Quintana,O"]
[Black "Czakon,J"]
[Result "1-0"]
[WhiteElo "2501"]
[BlackElo "2505"]

1.d4 Nf6 2.Nf3 e6 3.c4 b6 4.a3 c5 5.d5 Ba6 6.Qc2 exd5 7.cxd5 g6 8.Nc3 Bg7
9.g3 O-O 10.Bg2 d6 11.O-O Re8 12.Re1 b5 13.e4 Nbd7 14.h3 Qb6 15.Be3 Qb7 16.Bf1 Rac8
17.Bf4 Qb6 18.a4 b4 19.Bxa6 Qxa6 20.Nb5 b3 21.Qb1 Bf8 22.Nd2 c4 23.Rc1 h6
24.Rxc4 Rxc4 25.Nxc4 Rxe4 26.Qf1 Nxd5 27.Bxd6 Bxd6 28.Nbxd6 Re6 29.Nb5 N7b6
30.Qd3 Rf6 31.Qxb3 Qc8 32.Nxb6 Nxb6 33.Qc3 Qf5 34.Qd4 Nc4 35.Re1 a5 36.b3 Nb6
37.Nd6 Kf8  1-0

[Event "XII Open"]
[Site "Balaguer ESP"]
[Date "2007.07.20"]
[Round "5"]
[White "Purushothaman,T"]
[Black "Matnadze,A"]
[Result "1/2-1/2"]
[WhiteElo "2224"]
[BlackElo "2409"]

1.d4 Nf6 2.c4 e6 3.Nf3 b6 4.a3 Bb7 5.Nc3 g6 6.Qc2 Bg7 7.e4 O-O 8.e5 Nh5 9.Be2 f5
10.exf6 Qxf6 11.O-O Nf4 12.Bxf4 Qxf4 13.Rad1 Nc6 14.d5 Nd4 15.Nxd4 Bxd4 16.g3 Qf6
17.Bg4 Bxc3 18.Qxc3 exd5 19.cxd5 Qd6 20.Rfe1 Rae8 21.Rxe8 Rxe8 22.Bf3 Re5
23.b4  1/2-1/2